000 01564cam0 2200349 ib4500
001 BY-MI0000-br2147966164
005 20251027140126.0
010 ^a978-5-353-10577-0
^bв переплете
100 ^a20251016d2025 d y0rusy50 ca
101 0 ^arus
102 ^aRU
105 ^aa z 000zy
109 ^ama
200 1 ^aАнтарктический "Котобой", или Приключения подо льдами
^e[сказочная история
^eдля среднего школьного возраста]
^fАндрей Усачёв
^gнарисовал дядя Коля Воронцов
210 ^aМосква
^cРОСМЭН
^d2025
215 ^a78, [1] c.
^cил.
^d25 см
225 1 ^aСерия "Котобой"
333 ^a0+
345 ^93000 экз.
608 ^aСКАЗОЧНАЯ ПОВЕСТЬ
^3BY-NLB-ar3140829
^2BYGNR
608 ^aДЕТСКАЯ И ЮНОШЕСКАЯ ЛИТЕРАТУРА (художеств. произведение)
^3BY-NLB-ar9019
^2BYGNR
606 ^aХУДОЖЕСТВЕННАЯ ЛИТЕРАТУРА
^3BY-NLB-ar37179
^2DVNLB
686 ^a84(2Рос)6-4
^2rubbk
690 ^a1
^2Base
^9BY-MI0000
^xRSEK
700 1 ^aУсачев
^bА. А.
^3BY-NLB-ar2488119
702 1 ^aВоронцов
^bН. П.
^gНиколай Павлович
^cхудожник
^fрод. 1959
^3BY-SEK-134061
^4040
801 0 ^aBY
^bBY-MI0000
^c20251016
^gRCR
035 ^a(BY-MI0000)BY-MI0000-br2147966164
899 0 ^aBY-MI0000
^iУ74
^h84(2Рос)6